|
|
|
|
| LEADER |
00903nam a2200253 i 4500 |
| 001 |
c000079453 |
| 003 |
CARM |
| 005 |
00000000000000.0 |
| 008 |
841030s1975 enk 00011 eng d |
| 015 |
|
|
|a B7625338
|
| 019 |
1 |
|
|a 4374001
|z 277332
|5 LACONCORD2021
|
| 020 |
|
|
|a 0002311445 :
|c L.2.30
|
| 035 |
|
|
|a (OCoLC)1734208
|5 LACONCORD2021
|
| 100 |
1 |
|
|a Babson, Marian.
|
| 245 |
1 |
0 |
|a Murder sails at midnight /
|c Marian Babson.
|
| 260 |
|
|
|a London :
|b Collins [for] the Crime Club,
|c 1975.
|
| 300 |
|
|
|c 21cm.
|
| 500 |
|
|
|a Fiction in English, 1900-. Texts (BNB/PRECIS)
|
| 650 |
|
0 |
|a English fiction.
|
| 710 |
2 |
|
|a Crime Club.
|t Publications.
|
| 852 |
8 |
|
|b CARM
|h A2:AG26G0
|i A01565
|p 0111721
|f BK
|
| 082 |
0 |
4 |
|a 823/.9/1
|2 18
|
| 999 |
f |
f |
|i a8713c42-d9eb-5850-a42a-0a210ba94fa3
|s 93c751f6-df1b-503a-bca1-f0f141e6e1b9
|
| 952 |
f |
f |
|p Can circulate
|a CAVAL
|b CAVAL
|c CAVAL
|d CARM 1 Store
|e A01565
|f A2:AG26G0
|h Other scheme
|i book
|m 0111721
|